| 000 | 01125nab a22002297a 4500 | ||
|---|---|---|---|
| 999 |
_c6246 _d6246 |
||
| 003 | OSt | ||
| 005 | 20260127201609.0 | ||
| 008 | 190514b xxu||||| |||| 00| 0 spa d | ||
| 040 | _cPJ | ||
| 100 |
_96958 _aSantillán, Martina |
||
| 245 | 1 | 0 |
_aInfancia, no punibilidad y cultura de paz / _cMartina Santillán. |
| 300 | _ap. 31-35 | ||
| 500 | _aCita: TR LALEY AR/DOC/2140/2025. | ||
| 505 | _aSumario: I. Introducción.— II. Antecedentes del fallo.— III. Fundamentos de la decisión y correlato normativo.— IV. Conclusión. | ||
| 505 | _tFallo comentado: JFed., Catamarca ~ 07/05/2025 ~ Oposición interpuesta por la Asesora de Menores Dra. Daniela Faérman c. decreto de indagatoria s/ Expte. Prevencional letra "M" 29/25 de la Fiscalía Penal Juvenil. | ||
| 650 | 0 |
_9967 _aDERECHO DE FAMILIA |
|
| 650 | 0 |
_92730 _aRÉGIMEN PENAL DE LA MINORIDAD |
|
| 650 | 0 |
_95662 _aADOLESCENTES |
|
| 650 | 0 |
_91057 _aJURISPRUDENCIA APLICABLE |
|
| 773 | 0 |
_02844 _93222 _dBuenos Aires : AbeledoPerrot, 1989- _tDerecho de familia. Revista Interdisciplinaria de doctrina y jurisprudencia. Octubre 2025-V. _z18511201 |
|
| 942 |
_2udc _cANA |
||